000 00248nam a2200109Ia 4500
008 220204s9999 xx 000 0 und d
082 _a82-3
_bDIC
100 _aDickents, Charles
245 0 _aOliver twist
260 _aHungary
_bPriory
942 _cBK
999 _c37492
_d37492